|
|
|
|
| LEADER |
00000nam0a2200000 4500 |
| 001 |
372442 |
| 005 |
20231102012457.0 |
| 035 |
|
|
|a (RuTPU)RU\TPU\retro\29865
|
| 035 |
|
|
|a RU\TPU\book\269602
|
| 090 |
|
|
|a 372442
|
| 100 |
|
|
|a 20221215d1971 k y0rusy50 ca
|
| 101 |
0 |
|
|a rus
|
| 102 |
|
|
|a RU
|
| 105 |
|
|
|a a z 001zy
|
| 200 |
1 |
|
|a Неустановившиеся движения сплошной среды
|f К. П. Станюкович
|
| 205 |
|
|
|a 2-е изд., перераб. и доп.
|
| 210 |
|
|
|a Москва
|c Наука
|d 1971
|
| 215 |
|
|
|a 854 с.
|c ил.
|
| 320 |
|
|
|a Библиогр.: с. 851-854.
|
| 606 |
1 |
|
|a Газовая динамика, прикладная
|x (физика)
|2 stltpush
|3 (RuTPU)RU\TPU\subj\4566
|9 32820
|
| 610 |
1 |
|
|a математический аппарат
|
| 610 |
1 |
|
|a термодинамический аппарат
|
| 610 |
1 |
|
|a уравнения
|
| 610 |
1 |
|
|a среда
|
| 610 |
1 |
|
|a автомодельные движения
|
| 610 |
1 |
|
|a решение
|
| 610 |
1 |
|
|a ударные волны
|
| 610 |
1 |
|
|a детонационные волны
|
| 610 |
1 |
|
|a детонация
|
| 610 |
1 |
|
|a продукты
|
| 610 |
1 |
|
|a разлет
|
| 610 |
1 |
|
|a распространение
|
| 610 |
1 |
|
|a газ
|
| 610 |
1 |
|
|a неустановившиеся движения
|
| 610 |
1 |
|
|a тела
|
| 610 |
1 |
|
|a задача Лагранжа
|
| 610 |
1 |
|
|a поле тяжести
|
| 610 |
1 |
|
|a удар
|
| 675 |
|
|
|a 533.6
|v 3
|
| 700 |
|
1 |
|a Станюкович
|b К. П.
|g Кирилл Петрович
|
| 801 |
|
1 |
|a RU
|b 63413507
|c 20140116
|
| 801 |
|
2 |
|a RU
|b 63413507
|c 20221215
|g RCR
|
| 942 |
|
|
|c BK
|